[Event "II Festival Lunigiana A"]
[Site "Pontremoli ITA"]
[Date "1998.07.10"]
[Round "6"]
[White "Lasio, Millo"]
[Black "Venturelli, Roberto"]
[Result "1-0"]
[WhiteElo "1824"]
[BlackElo "1830"]
[PlyCount "91"]
[EventDate "1998.07.05"]

1. d4 Nf6 2. e3 d5 3. Bd3 b6 4. c3 Bb7 5. Nd2 e6 6. f4 Be7 7. Ngf3 Nbd7 8. O-O
c5 9. Ne5 O-O 10. Qf3 Ne8 11. g4 Nd6 12. Qh3 Nf6 13. g5 Nfe4 14. Ndf3 Nf5 15.
Bd2 g6 16. Ng4 f6 17. Bxe4 dxe4 18. gxf6 exf3 19. fxe7 Nxe7 20. Ne5 Rf5 21.
Rae1 Be4 22. Nxf3 h6 23. Rf2 Qd5 24. b3 b5 25. Bc1 Rh5 26. Qg3 Kh7 27. Nd2 Nf5
28. Nxe4 Qxe4 29. Qf3 Nd6 30. Rd1 c4 31. Qxe4 Nxe4 32. Rc2 Rd8 33. Re1 Kg7 34.
bxc4 bxc4 35. Rb2 Kf6 36. Rb4 Rc8 37. Bb2 Ra5 38. a3 Kf5 39. Kg2 Nd6 40. Kf3
Ne4 41. Re2 a6 42. Rb7 Rf8 43. Rc7 Ra4 44. h3 Rf6 45. Rg2 Nd6 46. Rc5+ 1-0

[Event "II Festival Lunigiana A"]
[Site "Pontremoli ITA"]
[Date "1998.07.10"]
[Round "6"]
[White "Mazzini, Mauro"]
[Black "Naumkin, Igor"]
[Result "0-1"]
[WhiteElo "1792"]
[BlackElo "2475"]
[PlyCount "66"]
[EventDate "1998.07.05"]

1. e4 e6 2. d4 d5 3. exd5 exd5 4. Bd3 c5 5. Qe2+ Be7 6. dxc5 Nf6 7. Nf3 O-O 8.
O-O Bxc5 9. Bg5 Qd6 10. Nbd2 Re8 11. Qd1 Nc6 12. Nb3 Bb6 13. c3 Bg4 14. h3 Bh5
15. Bxf6 Qxf6 16. g4 Bg6 17. Bxg6 hxg6 18. Qd3 Re4 19. Rad1 Rae8 20. Kg2 Ne5
21. Nxe5 R4xe5 22. Nd4 Bxd4 23. cxd4 R5e7 24. Rd2 Qg5 25. Rfd1 f5 26. f3 Re3
27. Qf1 Qf4 28. Qf2 g5 29. Rc2 R8e6 30. Rdd2 fxg4 31. hxg4 Rf6 32. Rc3 Rxc3 33.
bxc3 Rh6 0-1

[Event "II Festival Lunigiana A"]
[Site "Pontremoli ITA"]
[Date "1998.07.10"]
[Round "6"]
[White "Pastorini, Mario"]
[Black "Mrdja, Milan"]
[Result "1/2-1/2"]
[WhiteElo "2160"]
[BlackElo "2430"]
[PlyCount "91"]
[EventDate "1998.07.05"]

1. c4 Nf6 2. Nc3 g6 3. g3 Bg7 4. Bg2 O-O 5. Nf3 d5 6. cxd5 Nxd5 7. O-O Nc6 8.
Nxd5 Qxd5 9. d3 Qb5 10. Rb1 a5 11. a4 Qh5 12. b3 Rd8 13. Bb2 e5 14. Nd2 Bg4 15.
Re1 Nb4 16. Bxb7 Rab8 17. Be4 f5 18. Bg2 Nxd3 19. f3 Nxe1 20. Qxe1 Bh3 21. Bxh3
Qxh3 22. Nc4 Qh6 23. Qxa5 e4 24. f4 Bxb2 25. Rxb2 Qg7 26. Ne5 Qf6 27. Qxc7 Rbc8
28. Qa7 Qe6 29. b4 Ra8 30. Qc7 Rac8 31. Qb7 e3 32. Rb1 Rc2 33. Re1 Qd5 34.
Qxd5+ Rxd5 35. Nd3 Ra2 36. a5 Kf8 37. Kf1 Ke8 38. Rc1 Kd8 39. Ke1 Rd4 40. Kf1
Ke7 41. Rc7+ Kd6 42. Rc3 Kd5 43. Rc5+ Kd6 44. Re5 Re4 45. Rc5 Rd4 46. Re5
1/2-1/2

[Event "II Festival Lunigiana A"]
[Site "Pontremoli ITA"]
[Date "1998.07.10"]
[Round "6"]
[White "Pieri, Enzo"]
[Black "Agrifoglio, Fabio"]
[Result "0-1"]
[WhiteElo "1714"]
[BlackElo "1869"]
[PlyCount "60"]
[EventDate "1998.07.05"]

1. e4 e6 2. d4 d5 3. e5 c5 4. c3 Nc6 5. Nf3 Qb6 6. a3 cxd4 7. cxd4 Bd7 8. Nc3
Rc8 9. Be2 Na5 10. Na4 Qb3 11. Nc3 Qxd1+ 12. Bxd1 Nc4 13. Nd2 Nxa3 14. Nxd5 Nb5
15. Nc3 a6 16. Nxb5 Bxb5 17. Bf3 Bc6 18. Ke2 Ne7 19. Ne4 Bb5+ 20. Kd2 Nd5 21.
Nc3 Bb4 22. Bxd5 exd5 23. Kc2 a5 24. Bd2 Kd7 25. b3 Rxc3+ 26. Bxc3 Rc8 27. Kd1
Rxc3 28. Rb1 Rd3+ 29. Kc2 Rd2+ 30. Kc1 Rxf2 0-1

[Event "II Festival Lunigiana A"]
[Site "Pontremoli ITA"]
[Date "1998.07.11"]
[Round "7"]
[White "Agrifoglio, Fabio"]
[Black "Pastorini, Mario"]
[Result "1-0"]
[WhiteElo "1869"]
[BlackElo "2160"]
[PlyCount "55"]
[EventDate "1998.07.05"]

1. d4 Nf6 2. c4 e6 3. Nf3 b6 4. g3 Bb7 5. Bg2 Be7 6. O-O O-O 7. Nc3 Ne4 8. Nxe4
Bxe4 9. Ne1 Bxg2 10. Nxg2 d5 11. Qc2 dxc4 12. Qxc4 c5 13. Be3 cxd4 14. Bxd4 Nd7
15. Rfd1 Qe8 16. Rac1 Nf6 17. Qa6 Qb8 18. Ne3 Rc8 19. Be5 Rxc1 20. Bxb8 Rxd1+
21. Nxd1 Rxb8 22. Qxa7 Rd8 23. Ne3 Bc5 24. Qc7 Ra8 25. Nc4 g6 26. Ne5 Rf8 27.
a3 Ne4 28. Nd3 1-0

[Event "II Festival Lunigiana A"]
[Site "Pontremoli ITA"]
[Date "1998.07.11"]
[Round "7"]
[White "Duarte, Riccardo"]
[Black "Malakhov, Vladimir"]
[Result "0-1"]
[WhiteElo "1717"]
[BlackElo "2550"]
[PlyCount "48"]
[EventDate "1998.07.05"]

1. e4 Nf6 2. Nc3 d5 3. e5 Nfd7 4. d4 e6 5. f4 c5 6. Nf3 Nc6 7. Ne2 Qb6 8. c3
Be7 9. Qc2 O-O 10. Be3 f6 11. a3 cxd4 12. cxd4 fxe5 13. fxe5 Ncxe5 14. Nxe5
Nxe5 15. Nc3 Bh4+ 16. Kd2 Bf2 17. Na4 Bxe3+ 18. Kxe3 Ng4+ 19. Kd3 Qd6 20. Kc3
Bd7 21. Kb3 Bxa4+ 22. Kxa4 Rac8 23. Qe2 Rc4+ 24. Kb3 Qb6+ 0-1

[Event "II Festival Lunigiana A"]
[Site "Pontremoli ITA"]
[Date "1998.07.11"]
[Round "7"]
[White "Fragni, Enrico"]
[Black "Ferrarini, Stefano"]
[Result "1-0"]
[WhiteElo "1822"]
[BlackElo "1669"]
[PlyCount "105"]
[EventDate "1998.07.05"]

1. d4 Nc6 2. e4 d5 3. e5 Bf5 4. c3 e6 5. Nf3 Be7 6. Bb5 a6 7. Bxc6+ bxc6 8. O-O
h5 9. Qa4 Qd7 10. Nbd2 c5 11. Qxd7+ Kxd7 12. dxc5 Bxc5 13. Nb3 Bb6 14. Bg5 Nh6
15. h3 Bg6 16. Rfd1 Nf5 17. Rd2 Rhc8 18. Kf1 c6 19. c4 Ra7 20. c5 Bc7 21. g4
Ne7 22. Nfd4 Bxe5 23. f4 Bxd4 24. Nxd4 f6 25. Bh4 hxg4 26. hxg4 Bf7 27. Bg3 Rh8
28. Kg2 Raa8 29. Re1 Rae8 30. Rde2 Nc8 31. Re3 Ne7 32. Nxe6 Bxe6 33. Rxe6 Ng6
34. f5 Ne5 35. Bxe5 fxe5 36. R1xe5 Rxe6 37. Rxe6 Re8 38. Rd6+ Kc7 39. Kf3 Re4
40. b3 Re7 41. g5 Re1 42. Kg4 Rf1 43. f6 gxf6 44. gxf6 a5 45. Kg5 Kb7 46. Kg6
Ka6 47. a4 Kb7 48. Kg7 Rg1+ 49. Kf8 Re1 50. Rd7+ Kc8 51. Re7 Rf1 52. Re6 Kc7
53. Ke8 1-0

[Event "II Festival Lunigiana A"]
[Site "Pontremoli ITA"]
[Date "1998.07.11"]
[Round "7"]
[White "Lasio, Millo"]
[Black "Jurkovic, Ante"]
[Result "0-1"]
[WhiteElo "1824"]
[BlackElo "2315"]
[PlyCount "126"]
[EventDate "1998.07.05"]

1. d4 Nf6 2. e3 d6 3. Bc4 g6 4. Nd2 Bg7 5. f4 O-O 6. Ngf3 Nc6 7. O-O e5 8. fxe5
dxe5 9. c3 Qe7 10. Nb3 Kh8 11. h3 Ne4 12. Nfd2 Ng3 13. Rf3 Nf5 14. d5 Nd8 15.
e4 Nd6 16. Bd3 f5 17. c4 b6 18. Qe2 c5 19. Rb1 N6f7 20. Rf1 Bd7 21. Ra1 a5 22.
Nf3 f4 23. Bd2 h5 24. a4 Bf6 25. Nh2 Kg7 26. Bc3 Rh8 27. Qf3 g5 28. Kf2 Nh6 29.
Ke1 g4 30. Qe2 Bg5 31. Kd1 Rf8 32. Kc2 Rf6 33. hxg4 Nxg4 34. Nf3 Ne3+ 35. Kb1
Bg4 36. Rh1 Nf7 37. Nbd2 Rg6 38. Qf2 Bf6 39. b3 Rg8 40. Ka2 Kf8 41. Rag1 Ke8
42. Be2 Nd6 43. Rh2 h4 44. Ne1 Qh7 45. Nef3 Qg7 46. Ne1 Bxe2 47. Qxe2 Rg4 48.
Bb2 Qg6 49. Qd3 Rg3 50. Nef3 Qh5 51. Rgh1 Ng4 52. Nf1 Nxh2 53. Nxg3 hxg3 54.
Bc3 Kf7 55. Qc2 Re8 56. Qe2 Kg7 57. Qc2 Qg6 58. Nd2 Ng4 59. Nf3 Nxe4 60. Nd2
Nxc3+ 61. Qxc3 e4 62. Qc1 Nf2 63. Rf1 e3 0-1

[Event "II Festival Lunigiana A"]
[Site "Pontremoli ITA"]
[Date "1998.07.11"]
[Round "7"]
[White "Mazzini, Mauro"]
[Black "Pieri, Enzo"]
[Result "1-0"]
[WhiteElo "1792"]
[BlackElo "1714"]
[PlyCount "43"]
[EventDate "1998.07.05"]

1. e4 c5 2. Nf3 d6 3. d4 cxd4 4. Nxd4 Nf6 5. Nc3 a6 6. Be2 e6 7. g4 Be7 8. Be3
Nfd7 9. Qd2 b5 10. a3 Bb7 11. O-O-O Ne5 12. f4 Nc4 13. Bxc4 bxc4 14. Qe2 d5 15.
exd5 exd5 16. Nf5 O-O 17. Nxd5 Bxd5 18. Rxd5 Qc7 19. Bd4 Qxf4+ 20. Kb1 Bf6 21.
Bxf6 gxf6 22. Qe7 1-0

[Event "II Festival Lunigiana A"]
[Site "Pontremoli ITA"]
[Date "1998.07.11"]
[Round "7"]
[White "Mrdja, Milan"]
[Black "Godani, Tiziano"]
[Result "1-0"]
[WhiteElo "2430"]
[BlackElo "2075"]
[PlyCount "61"]
[EventDate "1998.07.05"]

1. e4 c5 2. Nf3 Nc6 3. d4 cxd4 4. Nxd4 Nf6 5. Nc3 e5 6. Ndb5 d6 7. a4 a6 8. Na3
Be6 9. Bg5 Rc8 10. Bxf6 gxf6 11. Bc4 Nd4 12. Nd5 f5 13. c3 Qg5 14. g3 Nc6 15.
exf5 Qxf5 16. O-O Ne7 17. Ne3 Qh3 18. Qxd6 Ng6 19. Bxe6 fxe6 20. Qd1 h5 21. Qf3
Nh4 22. Qxb7 Rd8 23. Qc6+ Kf7 24. Qe4 Be7 25. Nac4 Rdf8 26. Nxe5+ Kg7 27. gxh4
Rhg8 28. Kh1 Kh8 29. Ng6+ Kg7 30. Rg1 Kh6 31. Nxf8 1-0

[Event "II Festival Lunigiana A"]
[Site "Pontremoli ITA"]
[Date "1998.07.11"]
[Round "7"]
[White "Naumkin, Igor"]
[Black "Piscopo, Pierluigi"]
[Result "1-0"]
[WhiteElo "2475"]
[BlackElo "1930"]
[PlyCount "65"]
[EventDate "1998.07.05"]

1. d4 Nf6 2. c4 g6 3. Nc3 Bg7 4. e4 d6 5. Nf3 O-O 6. Be2 e5 7. d5 Nbd7 8. Bg5
h6 9. Bh4 g5 10. Bg3 Nh5 11. h4 g4 12. Nh2 f5 13. exf5 Ndf6 14. Nxg4 Nxg3 15.
fxg3 Bxf5 16. O-O Qd7 17. Nxf6+ Rxf6 18. Bd3 Raf8 19. Bxf5 Rxf5 20. Qd3 Qf7 21.
Rxf5 Qxf5 22. Qxf5 Rxf5 23. Rf1 Rxf1+ 24. Kxf1 a6 25. Ne4 Bf8 26. Ke2 Be7 27.
Kf3 Kf7 28. Kg4 Kg6 29. h5+ Kf7 30. Kf5 b6 31. g4 Bh4 32. g5 hxg5 33. g3 1-0

[Event "II Festival Lunigiana A"]
[Site "Pontremoli ITA"]
[Date "1998.07.11"]
[Round "7"]
[White "Venturelli, Roberto"]
[Black "Rivara, Massimo"]
[Result "0-1"]
[WhiteElo "1830"]
[BlackElo "1705"]
[PlyCount "82"]
[EventDate "1998.07.05"]

1. e4 c5 2. Nf3 d6 3. d4 cxd4 4. Nxd4 Nf6 5. Nc3 a6 6. Bg5 e6 7. f4 Be7 8. Qf3
Qc7 9. O-O-O Nbd7 10. Bd3 b5 11. Rhe1 Bb7 12. Nd5 Nxd5 13. exd5 Bxg5 14. Rxe6+
fxe6 15. Qh5+ g6 16. Bxg6+ hxg6 17. Qxg6+ Ke7 18. Qg7+ Ke8 19. Qxh8+ Nf8 20.
fxg5 Bxd5 21. h4 Qf7 22. g3 Ke7 23. Qh6 Rc8 24. h5 Be4 25. Re1 d5 26. g6 Qf6
27. Qe3 e5 28. Qa3+ Kd7 29. g7 Qxg7 30. Qxa6 exd4 31. Qxb5+ Kd6 32. Qa6+ Rc6
33. Qa3+ Ke6 34. Qd3 Kd7 35. Qb5 Qh6+ 36. Kb1 Bxc2+ 37. Ka1 Be4 38. a4 Qd6 39.
Rf1 Ke7 40. g4 Ne6 41. Qe2 Qb4 0-1

[Event "II Festival Lunigiana A"]
[Site "Pontremoli ITA"]
[Date "1998.07.12"]
[Round "8"]
[White "Godani, Tiziano"]
[Black "Agrifoglio, Fabio"]
[Result "1-0"]
[WhiteElo "2075"]
[BlackElo "1869"]
[PlyCount "127"]
[EventDate "1998.07.05"]

1. e4 e6 2. d4 d5 3. e5 c5 4. c3 Ne7 5. Na3 cxd4 6. cxd4 Nec6 7. Nc2 Qb6 8. Ne2
Nd7 9. Nc3 Be7 10. Rb1 O-O 11. Bd3 f6 12. f4 fxe5 13. O-O e4 14. Be2 Nf6 15. b4
Bd7 16. a4 Nxb4 17. Ba3 a5 18. Bb5 Rac8 19. Bxd7 Rxc3 20. Nxb4 axb4 21. a5 Qxa5
22. Bxe6+ Kh8 23. Bb2 Rc6 24. f5 Qa2 25. g4 e3 26. Re1 Ne4 27. Rxe3 Rxe6 28.
fxe6 Nd2 29. Qxd2 Qxb1+ 30. Re1 Qg6 31. Qg2 Rc8 32. Qxd5 Qxg4+ 33. Kh1 Qh4 34.
Rf1 Qh3 35. Qf5 Qxf5 36. Rxf5 Bf6 37. Rb5 h6 38. Rxb4 Rc7 39. d5 Be7 40. Rg4
Bd6 41. Bd4 Kh7 42. Kg2 g5 43. h4 Kg6 44. hxg5 h5 45. Re4 Kxg5 46. Be5 Bxe5 47.
Rxe5+ Kf6 48. Rxh5 b5 49. Kf3 b4 50. Ke4 Rc4+ 51. Kd3 Rc1 52. Rh6+ Kg7 53. Rh4
Rd1+ 54. Kc4 b3 55. Rh2 Kf6 56. Rf2+ Ke7 57. Rf7+ Ke8 58. Rb7 Rc1+ 59. Kd4 Rb1
60. Ke5 b2 61. Kd6 Kf8 62. e7+ Kf7 63. Kd7 Re1 64. d6 1-0

[Event "II Festival Lunigiana A"]
[Site "Pontremoli ITA"]
[Date "1998.07.12"]
[Round "8"]
[White "Jurkovic, Ante"]
[Black "Duarte, Riccardo"]
[Result "1/2-1/2"]
[WhiteElo "2315"]
[BlackElo "1717"]
[PlyCount "29"]
[EventDate "1998.07.05"]

1. Nf3 Nc6 2. g3 e5 3. d3 d5 4. Bg2 Bd6 5. O-O Nge7 6. c4 dxc4 7. dxc4 O-O 8.
Qc2 Bc5 9. a3 a5 10. Nc3 Nd4 11. Nxd4 Bxd4 12. e3 Bf5 13. Qb3 Bb6 14. Rd1 Qc8
15. Nd5 1/2-1/2

[Event "II Festival Lunigiana A"]
[Site "Pontremoli ITA"]
[Date "1998.07.12"]
[Round "8"]
[White "Pastorini, Mario"]
[Black "Ferrarini, Stefano"]
[Result "1/2-1/2"]
[WhiteElo "2160"]
[BlackElo "1669"]
[PlyCount "104"]
[EventDate "1998.07.05"]

1. c4 b6 2. Nc3 Bb7 3. e4 e6 4. Nf3 Nf6 5. d3 d5 6. e5 d4 7. Nb5 Bb4+ 8. Bd2
Bxd2+ 9. Qxd2 Bxf3 10. gxf3 Ng8 11. Qf4 Nc6 12. Rg1 g6 13. Qe4 Nge7 14. Kd2 a6
15. Na3 Nb4 16. Bh3 c5 17. Rgb1 Rb8 18. Nc2 Nxc2 19. Kxc2 Qc7 20. f4 O-O 21.
Bg2 Nf5 22. a4 Rfc8 23. Qe1 Qe7 24. Be4 b5 25. axb5 axb5 26. b3 bxc4 27. bxc4
Rxb1 28. Qxb1 Qh4 29. Qg1 Qxf4 30. Bxf5 Qxf5 31. Qg3 Qh5 32. f3 Qh6 33. f4 Qf8
34. Qg5 Qd8 35. Qxd8+ Rxd8 36. Ra5 Rc8 37. Kb3 Kf8 38. Ka4 Rc7 39. Kb5 h6 40.
h4 Ke7 41. Ra6 f6 42. exf6+ Kxf6 43. Rc6 Rxc6 44. Kxc6 e5 45. Kxc5 exf4 46.
Kxd4 g5 47. Ke4 Ke6 48. d4 Kd6 49. c5+ Kc6 50. h5 Kb5 51. Kf3 Kc6 52. Ke4 Kb5
1/2-1/2

[Event "II Festival Lunigiana A"]
[Site "Pontremoli ITA"]
[Date "1998.07.12"]
[Round "8"]
[White "Pieri, Enzo"]
[Black "Lasio, Millo"]
[Result "1-0"]
[WhiteElo "1714"]
[BlackElo "1824"]
[PlyCount "67"]
[EventDate "1998.07.05"]

1. e4 e6 2. d4 d5 3. e5 b6 4. Nf3 Ba6 5. c4 c6 6. Qa4 dxc4 7. Nc3 Ne7 8. Bg5 b5
9. Qc2 h6 10. Be3 Nd5 11. Ne4 Nb4 12. Qc3 Nd5 13. Qc2 Nxe3 14. fxe3 Bb4+ 15.
Nfd2 Nd7 16. Be2 Nb6 17. O-O Nd5 18. Rf3 O-O 19. Raf1 Be7 20. Rg3 Bh4 21. Rh3
Rc8 22. Nc5 Nc7 23. Nde4 g6 24. Nd6 Rb8 25. Rhf3 f5 26. exf6 Kh7 27. Nce4 Nd5
28. f7 Be7 29. Rg3 Bg5 30. Nxg5+ hxg5 31. Bh5 Ne7 32. Rxg5 Kh6 33. Rxg6+ Kxh5
34. g4+ 1-0

[Event "II Festival Lunigiana A"]
[Site "Pontremoli ITA"]
[Date "1998.07.12"]
[Round "8"]
[White "Piscopo, Pierluigi"]
[Black "Venturelli, Roberto"]
[Result "1-0"]
[WhiteElo "1930"]
[BlackElo "1830"]
[PlyCount "47"]
[EventDate "1998.07.05"]

1. e4 c5 2. Nf3 e6 3. d4 cxd4 4. Nxd4 a6 5. Nc3 Ne7 6. g3 Nbc6 7. Be3 Ng6 8.
Bg2 Qc7 9. O-O b5 10. Re1 Bb7 11. Nd5 exd5 12. exd5 Nce7 13. d6 Qc8 14. dxe7
Bxe7 15. Bg5 f6 16. Nf5 Kd8 17. Be3 Qc7 18. Nxg7 Kc8 19. Nf5 Bxg2 20. Nxe7+
Nxe7 21. Kxg2 Ng6 22. Qd5 Qc6 23. Qxc6+ dxc6 24. Bd4 1-0

[Event "II Festival Lunigiana A"]
[Site "Pontremoli ITA"]
[Date "1998.07.12"]
[Round "8"]
[White "Rivara, Massimo"]
[Black "Fragni, Enrico"]
[Result "0-1"]
[WhiteElo "1705"]
[BlackElo "1822"]
[PlyCount "59"]
[EventDate "1998.07.05"]

1. e4 c6 2. Nc3 Qc7 3. Nf3 d6 4. d4 Bg4 5. Be2 e5 6. O-O Be7 7. Be3 Nf6 8. Qd3
Nbd7 9. h3 Bh5 10. Rfd1 O-O 11. Ne1 Bg6 12. Bf3 Rad8 13. Ne2 d5 14. Ng3 dxe4
15. Nxe4 Kh8 16. Qb3 Bxe4 17. dxe5 Nxe5 18. Rxd8 Bxd8 19. Bxe4 Nxe4 20. Qb4 Nd6
21. Rd1 Be7 22. Bc5 Nc8 23. Bxe7 Qxe7 24. Qb3 Nd6 25. f4 Ng6 26. Nd3 Qe3+ 27.
Kh1 Nf5 28. Re1 Qg3 29. Rf1 Ne3 30. Ne1 0-1

[Event "XVIII Mitropa Cup"]
[Site "Portorose SLO"]
[Date "1998.07.04"]
[Round "1.1"]
[White "Godena, Michele"]
[Black "Lalic, Bogdan"]
[Result "1/2-1/2"]
[WhiteElo "2510"]
[BlackElo "2560"]
[Annotator "ITA-CRO"]
[PlyCount "103"]
[EventDate "1998.07.04"]

1.e4 c6 2.d4 d5 3.Nc3 dxe4 4.Nxe4 Bf5 5.Nc5 b6 6.Nb3 Nf6 7.Nf3 g6 8.Bd3 
Bxd3 9.Qxd3 Bg7 10.O-O O-O 11.Bf4 Nbd7 12.Rfe1 Re8 13.Rad1 Qc8 14.Ne5 Qb7 
15.Qf3 Rac8 16.h3 Nf8 17.c3 Ne6 18.Bc1 Rc7 19.Re2 Rec8 20.Rde1 c5 21.Qxb7 
Rxb7 22.Nxf7 c4 23.Rxe6 cxb3 24.Ne5 bxa2 25.Be3 b5 26.Ra1 b4 27.cxb4 Nd5 
28.Nd3 Kf7 29.Ra6 Rc4 30.R1xa2 Bxd4 31.Bxd4 Rxd4 32.Ne5+ Kg7 33.Rxa7 Rdxb4
34.Nd3 Rb3 35.Rxb7 Rxb7 36.Ra5 Nb4 37.Nc5 Rb6 38.Ra7 Kf7 39.Rb7 Rxb7 40.
Nxb7 Ke6 41.Kf1 Nd3 42.b3 Kd5 43.Na5 Ke4 44.Nc6 e5 45.h4 Kd5 46.Na5 e4 47.
g3 Kd4 48.Nc4 Nc1 49.Na5 Nd3 50.Ke2 Nc1+ 51.Kd2 Nd3 52.Ke2 1/2-1/2

[Event "XVIII Mitropa Cup"]
[Site "Portorose SLO"]
[Date "1998.07.04"]
[Round "1.2"]
[White "Zelcic, Robert"]
[Black "Arlandi, Ennio"]
[Result "1-0"]
[WhiteElo "2585"]
[BlackElo "2440"]
[Annotator "ITA-CRO"]
[PlyCount "141"]
[EventDate "1998.07.04"]

1.e4 c5 2.Nf3 e6 3.d4 cxd4 4.Nxd4 Nf6 5.Nc3 d6 6.Be2 Be7 7.O-O a6 8.f4 O-O
9.Kh1 Nc6 10.Be3 Qc7 11.Qe1 Nxd4 12.Bxd4 b5 13.a3 Bb7 14.Qg3 Bc6 15.Rae1 
Rae8 16.Bf3 Rd8 17.e5 dxe5 18.Bxe5 Qb6 19.f5 Bxf3 20.Rxf3 Bd6 21.fxe6 fxe6
22.Bxd6 Qxd6 23.Qh3 Nd5 24.Rxe6 Rxf3 25.gxf3 Qd7 26.Nxd5 Qxd5 27.Re1 a5 
28.b4 a4 29.Qf1 h6 30.Re3 Qf5 31.Qe2 Rd4 32.Rd3 Rc4 33.Qd2 Kh7 34.Rc3 Rxc3
35.Qxc3 Qg5 36.Qe1 h5 37.h4 Qf6 38.Qe4+ g6 39.Kg2 Qd8 40.Qb7+ Kh6 41.Qxb5 
Qxh4 42.Qe5 Qc4 43.Qe3+ g5 44.Qe4 Qc3 45.b5 Qd2+ 46.Kf1 Qd1+ 47.Kf2 Qd2+ 
48.Qe2 Qd6 49.Qe3 h4 50.b6 Qg3+ 51.Ke2 h3 52.Qe6+ Kg7 53.Qe7+ Kg6 54.Qe4+ 
Kg7 55.Qb7+ Kf6 56.Qc6+ Kf5 57.b7 h2 58.Qb5+ Kf6 59.Qb6+ Kf7 60.b8=Q Qxb8 
61.Qxb8 h1=Q 62.Qa7+ Ke6 63.Qa6+ Kf5 64.Qd3+ Kf6 65.Kd2 Qh2+ 66.Kc3 Qc7+ 
67.Kb4 Qf4+ 68.c4 Qb8+ 69.Kxa4 Qb6 70.Qc3+ Kf5 71.Qa5+ 1-0

[Event "XVIII Mitropa Cup"]
[Site "Portorose SLO"]
[Date "1998.07.04"]
[Round "1.3"]
[White "Borgo, Giulio"]
[Black "Kovacevic, Vlatko"]
[Result "1/2-1/2"]
[WhiteElo "2445"]
[BlackElo "2520"]
[Annotator "ITA-CRO"]
[PlyCount "82"]
[EventDate "1998.07.04"]

1.e4 e6 2.d4 d5 3.Nc3 Nc6 4.Nf3 Nf6 5.Bg5 Be7 6.e5 Ne4 7.Bxe7 Qxe7 8.Qd3 
Qb4 9.Rb1 Nxc3 10.a3 Qa5 11.Qxc3 Qxc3+ 12.bxc3 Na5 13.Nd2 f6 14.exf6 gxf6 
15.c4 b6 16.cxd5 exd5 17.Bd3 Nc6 18.c3 Ne7 19.Nf1 Bf5 20.Kd2 Kf7 21.Ne3 
Bxd3 22.Kxd3 Rhd8 23.h4 Rac8 24.h5 c5 25.Rb5 cxd4 26.cxd4 Rd6 27.Rhb1 Ke6 
28.a4 Nf5 29.a5 Nxe3 30.fxe3 Rcc6 31.g4 h6 32.R1b2 Kd7 33.Ke2 Kc7 34.Kf3 
Rc1 35.Ra2 Kb7 36.axb6 axb6 37.Rab2 Rf1+ 38.Kg2 Re1 39.Kf2 Rh1 40.Kg2 Re1 
41.Kf2 Rh1 1/2-1/2

[Event "XVIII Mitropa Cup"]
[Site "Portorose SLO"]
[Date "1998.07.04"]
[Round "1.4"]
[White "Nikolac, Juraj"]
[Black "Belotti, Bruno"]
[Result "1-0"]
[WhiteElo "2450"]
[BlackElo "2430"]
[Annotator "ITA-CRO"]
[PlyCount "80"]
[EventDate "1998.07.04"]

1.d4 d6 2.c4 e5 3.Nf3 e4 4.Nfd2 f5 5.Nc3 Nf6 6.e3 c5 7.Nb3 Be7 8.dxc5 dxc5
9.Qxd8+ Kxd8 10.Bd2 Be6 11.Rc1 b6 12.Ne2 Bf7 13.Bc3 Nbd7 14.Nd2 Bd6 15.Nf4
Be5 16.h4 Ke7 17.Be2 Rad8 18.Nb1 g6 19.f3 h6 20.Kf2 g5 21.Nh3 exf3 22.gxf3
Rhg8 23.hxg5 hxg5 24.b3 Bc7 25.Rcd1 Ne5 26.Rxd8 Kxd8 27.Nd2 g4 28.Nf4 gxf3
29.Bxf3 Neg4+ 30.Bxg4 Nxg4+ 31.Kf3 Re8 32.Nf1 Re4 33.Rh8+ Ke7 34.Rh7 Bxf4 
35.exf4 Ke6 36.a4 a6 37.Rh8 Kd7 38.a5 b5 39.cxb5 Bd5 40.Kg3 axb5 1-0

[Event "XVIII Mitropa Cup"]
[Site "Portorose SLO"]
[Date "1998.07.05"]
[Round "2.1"]
[White "Polak, Tomas"]
[Black "Efimov, Igor"]
[Result "0-1"]
[WhiteElo "2525"]
[BlackElo "2530"]
[Annotator "ITA-CZE"]
[PlyCount "72"]
[EventDate "1998.07.04"]

1.d4 e6 2.c4 c5 3.d5 exd5 4.cxd5 d6 5.Nc3 g6 6.e4 Bg7 7.h3 Ne7 8.Nf3 O-O 
9.Bd3 a6 10.a4 f5 11.O-O h6 12.Re1 Nd7 13.Bf4 Qb6 14.e5 g5 15.exd6 Ng6 16.
Bc1 Nde5 17.Nxe5 Nxe5 18.Bc2 Qxd6 19.f4 Nf7 20.Qf3 Bd7 21.Bd2 Rae8 22.Rxe8
Rxe8 23.Rf1 g4 24.Qg3 b5 25.axb5 axb5 26.hxg4 fxg4 27.Qd3 Bd4+ 28.Kh2 Qf6 
29.g3 b4 30.Nd1 Kf8 31.Ne3 Nd6 32.f5 Bb5 33.Nxg4 Bxd3 34.Nxf6 Re2+ 35.Kh3 
Rxd2 36.Bxd3 Bxf6 0-1

[Event "XVIII Mitropa Cup"]
[Site "Portorose SLO"]
[Date "1998.07.05"]
[Round "2.2"]
[White "Godena, Michele"]
[Black "Votava, Jan"]
[Result "0-1"]
[WhiteElo "2510"]
[BlackElo "2510"]
[Annotator "ITA-CZE"]
[PlyCount "120"]
[EventDate "1998.07.04"]

1.e4 c5 2.c3 d5 3.exd5 Qxd5 4.d4 Nf6 5.Nf3 e6 6.Na3 Qd8 7.Nc2 Be7 8.Bd3 
O-O 9.Qe2 Nbd7 10.Bf4 a6 11.O-O b5 12.a4 b4 13.cxb4 cxb4 14.a5 Bb7 15.Rfc1
Nd5 16.Bg3 N7f6 17.Ne3 g6 18.Be5 Qd7 19.h3 Rfc8 20.Nc4 Qd8 21.Bxf6 Bxf6 
22.Be4 Rab8 23.Nfe5 Bg5 24.Re1 f6 25.Nf3 Nf4 26.Qf1 Bxe4 27.Rxe4 Qd5 28.
Rxf4 Bxf4 29.Nb6 Rxb6 30.axb6 Qb7 31.Qe2 Qxb6 32.g3 Rc1+ 33.Rxc1 Bxc1 34.
Qc4 Bxb2 35.Qc8+ Kg7 36.Qd7+ Kf8 37.Qxh7 Bxd4 38.Nh4 Qd6 39.Nxg6+ Ke8 40.
Qg8+ Kd7 41.Nf8+ Kc6 42.Nxe6 Bb6 43.Nf4 Kb5 44.Qe8+ Qc6 45.Qe2+ Qc4 46.Nd3
b3 47.h4 Bd4 48.h5 b2 49.Qf1 Bxf2+ 50.Kg2 Bd4 51.Qf5+ Kb6 52.Nxb2 Bxb2 53.
h6 Qc5 54.g4 Qc6+ 55.Kf2 Bd4+ 56.Ke2 Qe8+ 57.Kd3 Qe3+ 58.Kc4 Bb2 59.h7 
Qc3+ 60.Kd5 Qc6# 0-1

[Event "XVIII Mitropa Cup"]
[Site "Portorose SLO"]
[Date "1998.07.05"]
[Round "2.3"]
[White "Babula, Vlastimil"]
[Black "Arlandi, Ennio"]
[Result "1-0"]
[WhiteElo "2575"]
[BlackElo "2440"]
[Annotator "ITA-CZE"]
[PlyCount "69"]
[EventDate "1998.07.04"]

1.d4 Nf6 2.c4 e6 3.Nc3 Bb4 4.e3 O-O 5.Bd3 d5 6.Nf3 c5 7.O-O Nc6 8.a3 Bxc3 
9.bxc3 Qc7 10.cxd5 exd5 11.a4 Re8 12.Ba3 c4 13.Bc2 Ne4 14.Bxe4 Rxe4 15.Nd2
Re8 16.e4 Be6 17.Qf3 Qa5 18.Bc5 Rad8 19.Rfb1 dxe4 20.Qg3 Bd5 21.Rb5 Qa6 
22.Nf1 Na5 23.Ne3 Nb3 24.Re1 Be6 25.Bb4 Qxa4 26.Rxb7 Rd7 27.Rb8 Rdd8 28.
Rxd8 Rxd8 29.Be7 Rc8 30.Bf6 g6 31.d5 Bd7 32.Qf4 Qa6 33.d6 Nc5 34.Qh6 Ne6 
35.Nd5 1-0

[Event "XVIII Mitropa Cup"]
[Site "Portorose SLO"]
[Date "1998.07.05"]
[Round "2.4"]
[White "Borgo, Giulio"]
[Black "Kalod, Radek"]
[Result "1-0"]
[WhiteElo "2445"]
[BlackElo "2435"]
[Annotator "ITA-CZE"]
[PlyCount "79"]
[EventDate "1998.07.04"]

1.e4 c5 2.Nf3 Nc6 3.Bb5 g6 4.Bxc6 bxc6 5.O-O Bg7 6.c3 Nf6 7.Re1 O-O 8.d4 
cxd4 9.cxd4 d5 10.e5 Ne4 11.Nc3 Bf5 12.Nh4 Be6 13.Na4 h6 14.f3 Ng5 15.Be3 
Kh7 16.Rc1 Bd7 17.Rc3 f5 18.exf6 Bxf6 19.Bf2 Rg8 20.Nc5 Rb8 21.b3 Bc8 22.
Nd3 Nf7 23.Ne5 Nxe5 24.dxe5 Bg5 25.g4 Qa5 26.Rc2 h5 27.Ng2 hxg4 28.f4 Bh6 
29.e6 d4 30.Qxd4 Rb4 31.Qxa7 Qd8 32.Qc5 Rb5 33.Qxc6 Qd3 34.Rc3 Qf5 35.a4 
Rb8 36.Qc7 Bb7 37.Qxe7+ Rg7 38.Qh4 Qd5 39.Rg3 Qd2 40.Rf1 1-0

[Event "XVIII Mitropa Cup"]
[Site "Portorose SLO"]
[Date "1998.07.06"]
[Round "3.1"]
[White "Efimov, Igor"]
[Black "Mohr, Georg"]
[Result "1/2-1/2"]
[WhiteElo "2530"]
[BlackElo "2470"]
[Annotator "ITA-SLO"]
[PlyCount "35"]
[EventDate "1998.07.04"]

1.d4 Nf6 2.Nf3 g6 3.g3 Bg7 4.Bg2 O-O 5.O-O d6 6.a4 a5 7.Nbd2 Nbd7 8.e4 e5 
9.c3 b6 10.Re1 Bb7 11.Qc2 Re8 12.b3 d5 13.Nxe5 Nxe5 14.dxe5 Nxe4 15.Nxe4 
dxe4 16.Bxe4 Bxe4 17.Rxe4 Bxe5 18.Bf4 1/2-1/2

[Event "XVIII Mitropa Cup"]
[Site "Portorose SLO"]
[Date "1998.07.06"]
[Round "3.2"]
[White "Pavasovic, Dusko"]
[Black "Godena, Michele"]
[Result "1-0"]
[WhiteElo "2475"]
[BlackElo "2510"]
[Annotator "ITA-SLO"]
[PlyCount "81"]
[EventDate "1998.07.04"]

1.e4 e5 2.Nf3 Nc6 3.d4 exd4 4.Nxd4 Bb4+ 5.c3 Bc5 6.Nxc6 bxc6 7.Bd3 Ne7 8.
O-O O-O 9.Nd2 Ng6 10.Nb3 Bb6 11.Nd4 Qf6 12.Qc2 d5 13.Nf3 Bg4 14.Bg5 Qd6 
15.Nd4 Rae8 16.h3 Bd7 17.Rfe1 Ne5 18.exd5 Nxd3 19.Rxe8 Rxe8 20.dxc6 Bxc6 
21.Qxd3 Bxg2 22.Kxg2 Qd5+ 23.Kh2 Qxg5 24.Rg1 Qe5+ 25.Rg3 g6 26.b4 c5 27.
bxc5 Qxc5 28.Re3 Rd8 29.Re4 Qd6+ 30.Kg1 Qd5 31.Qe2 Kg7 32.Re3 Qd6 33.Re4 
Bc7 34.Qg4 Qh2+ 35.Kf1 Qh1+ 36.Ke2 h5 37.Qf3 Qb1 38.Re7 Qxa2+ 39.Kf1 Bd6 
40.Ne6+ Kh6 41.Qe3+ 1-0